[Event "Tata Steel-A 74th"]
[Site "Wijk aan Zee"]
[Date "2012.01.15"]
[Round "2"]
[White "Ivanchuk, Vassily"]
[Black "Carlsen, Magnus"]
[Result "1/2-1/2"]
[WhiteElo "2766"]
[BlackElo "2835"]
[Annotator "Krasenkow,M"]
[PlyCount "114"]
[EventDate "2012.01.14"]
[EventType "tourn"]
[EventRounds "13"]
[EventCountry "NED"]
[EventCategory "21"]
[SourceTitle "CBM 147"]
[Source "ChessBase"]
[SourceDate "2012.03.16"]

1. Nf3 d5 2. d4 Nf6 3. c4 e6 4. Nc3 Be7 5. Bg5 h6 6. Bh4 O-O 7. e3 Ne4 8. Bxe7
Qxe7 9. Rc1 c6 10. Be2 Nxc3 11. Rxc3 dxc4 12. Bxc4 Nd7 13. O-O b6 14. Qc2 (14.
Bd3 {is more ambitious.}) 14... Bb7 15. Bd3 c5 16. Bh7+ Kh8 17. Be4 Bxe4 18.
Qxe4 {For this line - see article by GM P.Lukacs and IM L.Hazai in CBM 142,
particularly annotations to Borovikov - Bakre.} Rac8 (18... Nf6 19. Qc2 Nd5 20.
Rc4 cxd4 21. Nxd4 Qf6 22. Rc1 Rfd8 23. h3 a6 24. a3 b5 25. Rc6 Ne7 26. Rc7 Nd5
27. Rb7 Ne7 28. Rc7 Nd5 29. Rc6 Ne7 30. Rc5 Ra7 31. Qe4 Rad7 $11 {1/2
Borovikov,V (2601)-Bakre,T (2509)/Kavala GRE 2010/CBM 142/(Lukacs/Hazai) (46)})
(18... f5 $6 19. Qf4 Rae8 20. Rd1 e5 21. dxe5 Nxe5 22. Nxe5 Qxe5 23. Qxe5 Rxe5
24. Rd7 f4 25. Rxa7 Rd5 26. h3 Rd1+ 27. Kh2 Rd2 28. exf4 Rxf4 29. Rg3 g5 30.
Re3 {1-0 Ponomariov,R (2754)-Miroshnichenko,E (2651)/Kiev 2011/CBM 143 (34)}
Kg8 $1 $14) ({Recent practice has seen solid, apparently equalising plans for
Black:} 18... Rfe8 19. Rfc1 Kg8 20. h3 e5 21. dxe5 Nxe5 22. Qxe5 Qxe5 23. Nxe5
Rxe5 24. Rd1 Kf8 25. g4 Ke8 {1/2 Malinin,Y (2344)-Krivonosov,O (2448)/Klaipeda
2011/EXT 2012}) (18... cxd4 19. Nxd4 Nc5 20. Qc2 a5 21. Nb3 Nxb3 22. Qxb3 Qb7
23. Rfc1 Rfc8 24. g3 Rxc3 25. Qxc3 Rd8 26. Qc6 Qb8 27. a4 Rd2 28. b3 Rd3 29.
Rc3 Rxc3 30. Qxc3 {1/2 Gurevich,M (2617)-Miroshnichenko,E (2651)/Konya 2011/
CBM 143 Extra}) {GM Magnus Carlsen finds another, quite simple option. Still,
he has to work a while to reach a draw.} 19. Rfc1 (19. Qb7 Qd6 $1) 19... Rc7
20. Qc2 Rfc8 21. h3 {Too slow.} (21. b4 $5 Nf6 $140 $5 22. bxc5 $1 Nd5 23. Rc4
b5 24. Rc3 Nxc3 25. Qxc3 $44 {[%csl Gc5]}) 21... Nf6 22. Rc4 Ne8 23. dxc5 Rxc5
24. Qb3 Rxc4 25. Rxc4 Rxc4 26. Qxc4 Nd6 27. Qc6 {Black holds this position
with accurate defence.} Kg8 28. Ne5 (28. e4 $5) 28... Qd8 29. Nd7 Ne4 30. b3 (
30. Qb7 Nc5 $1 31. Nxc5 Qd1+ 32. Kh2 Qd6+ 33. f4 Qxc5 34. Qb8+ Kh7 35. Qxa7 Kg6
$11) 30... Nf6 31. Ne5 Nd5 32. g3 Qe7 33. h4 g6 34. Kg2 Kg7 35. Nd3 Qd8 36. Qc4
Nf6 37. e4 g5 38. hxg5 hxg5 39. Qc3 Kg8 40. Kf3 Nd7 41. Ke3 Nf6 42. a4 Ng4+ 43.
Kf3 Nf6 44. b4 Qd7 45. b5 Qd8 46. Ke3 Ng4+ 47. Ke2 Nf6 48. Qc4 Qa8 49. Ke3 Qd8
50. Kf3 Kg7 51. Qc3 Qh8 52. Qd4 Qh1+ 53. Ke3 Qd1 54. Ne5 Qe1+ 55. Kf3 Qh1+ 56.
Ke3 Qe1+ 57. Kf3 Qh1+ 1/2-1/2

[Event "London Classic 3rd"]
[Site "London"]
[Date "2011.12.03"]
[Round "1"]
[White "Carlsen, Magnus"]
[Black "Howell, David"]
[Result "1-0"]
[WhiteElo "2826"]
[BlackElo "2633"]
[Annotator "RR"]
[PlyCount "79"]
[EventDate "2011.12.03"]
[EventType "tourn"]
[EventRounds "9"]
[EventCountry "ENG"]
[EventCategory "20"]
[SourceTitle "CBM 146"]
[Source "ChessBase"]
[SourceDate "2012.01.18"]

1. e4 e5 2. Nf3 Nc6 3. Bb5 Nf6 4. d3 Bc5 5. c3 O-O 6. O-O Re8 7. Bg5 h6 8. Bh4
Bf8 9. Nbd2 d6 10. d4 exd4 11. Nxd4 Bd7 12. Nxc6 bxc6 13. Bd3 Be7 14. f4 Qb8
15. Bxf6 Bxf6 16. e5 dxe5 17. Ne4 Qxb2 18. f5 Red8 19. Bc4 Be8 20. Qh5 Rd6 21.
Rab1 Qc2 22. Qg4 Kf8 23. h3 Rad8 24. Kh2 Qa4 25. Rb4 Qa3 26. Rb7 R6d7 27. Qf3
Qa4 28. Qe2 Re7 $2 (28... Qa5 29. Qh5 Rd6 $11) 29. Nxf6 $18 gxf6 30. Qe3 Red7
31. Qc5+ Rd6 32. Rxc7 Qc2 33. Rc8 $3 R8d7 34. Be6 $1 Ke7 35. Bxd7 Bxd7 36. Rh8
Qd3 37. Rf3 Qd5 38. Qxa7 e4 39. Qb8 $6 (39. Rf1 Qe5+ 40. Kh1 $18) 39... Qe5+
$16 40. Rg3 1-0

[Event "Moscow Tal Memorial 6th"]
[Site "Moscow"]
[Date "2011.11.20"]
[Round "5"]
[White "Ivanchuk, Vassily"]
[Black "Carlsen, Magnus"]
[Result "1/2-1/2"]
[WhiteElo "2775"]
[BlackElo "2826"]
[Annotator "Ramirez Alvarez"]
[PlyCount "147"]
[EventDate "2011.11.16"]
[EventType "tourn"]
[EventRounds "9"]
[EventCountry "RUS"]
[EventCategory "22"]
[SourceTitle "CBM 146"]
[Source "ChessBase"]
[SourceDate "2012.01.18"]
[TimeControl "6000+30"]

1. d4 Nf6 2. c4 g6 3. Nc3 d5 4. Bf4 Bg7 5. e3 c5 6. dxc5 Qa5 7. Qb3 {Following
Ivanchuk's success with the strange 4.e3 followed by 5.Qb3 against Svidler, he
decides to take on another sideline. 7.Rc1 is by far the main choice.} Na6 {
Attempting to take back on c5 with the N is very logical. This gives White the
option to retain one of his pawns, but at a great cost.} 8. cxd5 Nxc5 9. Qb5+
Qxb5 10. Bxb5+ Bd7 $44 {White now has his extra pawn on d5, which isn't going
to fall any time soon. However you can't stop evaluating there. The pawn IS
weak is Black holds e4 under control, which means it can't be reinforced
easily. Furthermore Black is ahead on development, and his B on g7 can easily
begin pounding on the queenside with the help of a b5 push.} 11. Rd1 Nh5 12.
Bxd7+ Kxd7 13. Bg3 (13. Nf3 {doesn't look pleasant but maybe it was more
important to develop than to keep the pawn structure.} Nxf4 14. exf4 {[%cal
Gf3e5]} Bxc3+ $5 15. bxc3 f6 16. O-O Ne4 $44 {and Black is down a pawn but not
worse.}) (13. Nge2 Nxf4 14. exf4 (14. Nxf4 b5 $1 15. Rd2 (15. Nxb5 Rhb8 16. Nd4
Rxb2 $15) 15... b4 16. Nd1 b3 {with plentiful compensation.})) 13... b5 {
White's pieces on the kingside are too far away from the queenside action, and
it's hard to believe that White can keep all his pawns alive. White should be
thinking about equality.} 14. d6 e6 {Black's superior development, awesome
blockade of the weak d6-pawn and queenside adctivity give him more than enough
compensation for the pawn.} 15. Nf3 b4 16. Nb5 Nxg3 17. hxg3 Rab8 18. Nbd4 h5
19. Rh4 f5 {Black is using his structure to try to push the white pieces back.
He is in no hurry to regain material as he knows that the d6-pawn is just
doomed.} 20. Ne2 e5 21. Rc4 Rhc8 22. Kf1 Ne4 23. Rc7+ {The pawn was going to
fall anyway, at least this way Ivanchuk gets rid of some active pieces.} Rxc7
24. dxc7+ Kxc7 25. Nd2 Nxd2+ 26. Rxd2 {Black has finally regained his material,
and it is obvious that he has emerged on top. The B is considerably better
than the N, which at the moment lacks any good squares. Not to mention, the
structure favors Black and White's K will be out of play for a few more moves
at the very least. White is forced to be passive.} a5 27. b3 a4 28. bxa4 Ra8
29. Nc1 e4 30. Ne2 Rxa4 31. Nf4 {The N has gained f4, since the e-pawn was
pushed to increase the Bs scope. This isn't a particular big gain, though,
since g5 is still in the fray.} (31. Nd4 Kb6 32. Ke1 Be5 $15 {poses the strong
threat of ...Kc5 and ...Bxd4.}) 31... Bc3 32. Rc2 Kd6 33. Ke2 (33. Nxg6 $4 b3
34. Rxc3 bxa2 35. Rc1 Rb4 $1 $19) 33... g5 34. Nxh5 Kd5 {Black finds himself
down a pawn again, but again the compensation is very obvious. The N on h5 is
out of play and he has pressure on the weak a2, not to mention that White
can't make use of his majority. The only rub in the position is that it isn't
clear how to break through.} 35. f3 g4 (35... Kc4 36. g4 {creates very
unnecessary complications, it is much better to lock down the pawn structure
at once.}) 36. Nf4+ Kc4 37. Ne6 Ra6 38. Nf4 (38. Nd4 exf3+ 39. gxf3 Rh6 {
looked very troubling for White, as now he doesn't control h3, which means his
g3-pawn is a prime target.} 40. fxg4 (40. Nxf5 $2 Rh2+ 41. Kd1 Rh1+ 42. Ke2
Re1+ 43. Kf2 Kd3 {and the rook is history.}) 40... fxg4 41. Kf1 Kd3 $17 {
with a strong initiative against the dangerously corralled king.}) 38... Rh6
39. fxg4 fxg4 40. Rc1 (40. Kf2 {was the best way of holding the fortress, but
it still seems like Black can create dangerous threats.} Rd6 41. Kf1 Kb5 42. a3
bxa3 43. Rxc3 a2 44. Rc1 Kb4 {Black will soon pick up the rook. All that is
left to be seen is if Black can penetrate the N and K defense.} 45. Ra1 Kb3 46.
Rxa2 Kxa2 47. Nh5 Kb2 48. Nf4 Kc2 49. Ke2 Rd2+ 50. Ke1 {However I personally
don't see how.}) 40... Ra6 (40... Rd6 41. Rc2 Kb5 42. a3 bxa3 43. Rxc3 a2 44.
Ra3 Ra6 45. Rxa2 Rxa2+ {leads to the same kind of ending as before. Which I
think is a draw.}) 41. Rc2 Rh6 42. Rc1 Rd6 43. Rc2 Ra6 44. Kf2 Rh6 45. Ke2 Rh1
46. Ng6 Re1+ (46... b3 47. Ne5+ Kd5 48. Rxc3 bxa2 49. Ra3 a1=Q 50. Rxa1 Rxa1
51. Nxg4 {is quite definitely drawn.}) 47. Kf2 Ra1 48. Nf4 Rb1 49. Ne6 Rd1 50.
Nf4 Rd6 51. Ke2 Rc6 $2 {After much shuffling, I think this is where Magnus
missed some serious winning chances.} (51... Kb5 52. a3 (52. Kf2 Ka4 53. Kf1 $1
(53. Ne2 $2 Rd2 $19) 53... Rd2 $6 (53... Ka3 54. Ke2 Bb2 55. Rc4 Bc3 56. Rxe4
Rd2+ 57. Kf1 Kxa2 {And it may be that this is still a draw after Rc4! but it
is not easy. White has had to find a lot of exact moves.}) 54. Rxd2 Bxd2 55.
Ke2 Bc3 56. Kd1 Ka3 57. Kc2 Kxa2 58. Nd5 $11) 52... bxa3 53. Rxc3 a2 54. Rc1
Kb4 {We simply get to the same endgame we have seen previously. However at
this point Black had to try to enter this endgame.}) 52. Rc1 Kb5 53. Nd5 Rc5
54. Nf4 Rc6 55. Nd5 Rc5 56. Nf4 Ka4 57. Ne6 {As opposed to the other line, the
N comes back quickly into the game, and Black doesn't even win the exchange.}
Rd5 58. Rc2 Ka3 59. Nd4 Rc5 60. Nb3 Rd5 61. Nd4 Bxd4 62. Rd2 {Black must
surrender the exchange or he will stand much worse if not just lost after exd4.
} Bc3 $11 63. Rxd5 Kxa2 64. Kd1 b3 65. Rb5 Kb2 66. Rb8 Bf6 67. Kd2 Bc3+ 68. Kd1
Bf6 69. Rf8 Bc3 70. Re8 Ka2 71. Ra8+ Kb1 72. Ra4 b2 73. Ra6 Ba5 {Because Black
is Magnus. He plays cool moves.} 74. Rxa5 {Obviously Black had run out of ways
to try to make progress, and there was no way that White was going to have
time to pick up any pawns. Magnus had been pushing for the entire game, and he
might have had chances, but was unable to finish it off at the end.} 1/2-1/2

[Event "Moscow Tal Memorial 6th"]
[Site "Moscow"]
[Date "2011.11.19"]
[Round "4"]
[White "Carlsen, Magnus"]
[Black "Karjakin, Sergey"]
[Result "1/2-1/2"]
[WhiteElo "2826"]
[BlackElo "2763"]
[Annotator "RR"]
[PlyCount "134"]
[EventDate "2011.11.16"]
[EventType "tourn"]
[EventRounds "9"]
[EventCountry "RUS"]
[EventCategory "22"]
[SourceTitle "CBM 146"]
[Source "ChessBase"]
[SourceDate "2012.01.18"]

1. d4 Nf6 2. c4 e6 3. Nf3 b6 4. Nc3 Bb4 5. Qc2 Bb7 6. a3 Bxc3+ 7. Qxc3 O-O 8.
Bg5 d6 9. Nd2 Nbd7 10. f3 Rc8 11. e4 h6 12. Bh4 c5 13. Bd3 cxd4 14. Qxd4 Nc5
15. Be2 e5 16. Qf2 Ne6 17. O-O g5 18. Bg3 Nd4 19. Rfd1 Nh5 20. Bd3 Nf4 21. Qf1
Qf6 22. Bf2 Nde6 23. Bc2 Qg6 24. g3 Nh5 25. Qe2 g4 26. fxg4 Nf6 27. h3 Ng5 28.
Kh2 d5 29. Be3 d4 30. Bxg5 hxg5 31. Rf1 Kg7 32. Rf5 Rh8 33. Kg2 Nd7 34. Nf3 f6
35. h4 Qh6 36. Rf1 Rh7 37. b4 Kh8 38. Rh1 gxh4 39. Rxh4 $2 (39. Nxh4 Qe3 40.
Qxe3 $18) 39... Qe3 $16 40. Qxe3 dxe3 41. Bd3 Ba6 42. Rxh7+ Kxh7 43. g5 Bxc4
44. Bxc4 Rxc4 45. gxf6 e2 46. Kf2 Rxe4 47. f7 Kg7 48. Ke1 Kf8 49. Ng5 Rg4 50.
Nh7+ Ke7 51. Rg5 Rxg5 52. Nxg5 a5 53. b5 Kf6 54. Ne4+ Kxf7 55. Kxe2 Ke6 56. g4
Kd5 57. Kd3 Nf8 58. g5 Ne6 59. Ke3 Kc4 60. g6 a4 61. Nd2+ Kd5 62. Nb1 Nd4 63.
Kd3 Ke6 64. Nc3 Kf6 65. Ke4 Nc2 66. Nb1 Nd4 67. Nc3 Nc2 1/2-1/2

[Event "Grand Slam Final playoff 4th"]
[Site "Sao Paulo/Bilbao"]
[Date "2011.10.11"]
[Round "2"]
[White "Ivanchuk, Vassily"]
[Black "Carlsen, Magnus"]
[Result "0-1"]
[WhiteElo "2765"]
[BlackElo "2823"]
[PlyCount "78"]
[EventDate "2011.10.11"]
[EventType "match (rapid)"]
[EventRounds "2"]
[EventCountry "BRA"]
[SourceTitle "CBM 145"]
[Source "ChessBase"]
[SourceDate "2011.11.11"]

1. e4 e5 2. Nf3 Nc6 3. Bb5 Nf6 4. d3 Bc5 5. Be3 Qe7 6. Bxc6 bxc6 7. Bxc5 Qxc5
8. Nc3 O-O 9. O-O Rb8 10. Qd2 Qe7 11. b3 c5 12. h3 d6 13. Nh2 Nh5 14. Nd5 Qd8
15. Rae1 Be6 16. Nc3 f5 17. exf5 Bxf5 18. f3 Bg6 19. Rf2 Qh4 20. Nd5 Rf7 21.
Qc3 c6 22. Ne3 Nf4 23. Qd2 Rbf8 24. Nd1 h5 25. Nc3 Bf5 26. Ne2 Ne6 27. Qe3 Rf6
28. Kh1 Rg6 29. Rg1 Nc7 30. Rgf1 Nd5 31. Qd2 Rgf6 32. Nc3 Nf4 33. Ne4 Rg6 34.
Rg1 Qd8 35. Nf1 Qe7 36. Nfg3 d5 37. Nxf5 Rxf5 38. Nc3 Qh4 39. Kh2 Qg3+ 0-1

[Event "Grand Slam Final 4th"]
[Site "Sao Paulo/Bilbao"]
[Date "2011.10.08"]
[Round "8"]
[White "Carlsen, Magnus"]
[Black "Vallejo Pons, Francisco"]
[Result "1-0"]
[WhiteElo "2823"]
[BlackElo "2716"]
[Annotator "Edouard,R"]
[PlyCount "91"]
[EventDate "2011.09.26"]
[EventType "tourn"]
[EventRounds "10"]
[EventCountry "BRA"]
[EventCategory "22"]
[SourceTitle "CBM 145"]
[Source "ChessBase"]
[SourceDate "2011.11.11"]

1. d4 d5 2. c4 c6 3. Nf3 Nf6 4. e3 Bf5 5. Nc3 e6 6. Nh4 Be4 7. f3 Bg6 8. Qb3
Qb6 9. Nxg6 hxg6 10. Bd2 Bd6 11. h3 Nbd7 12. O-O-O Qxb3 13. axb3 a6 14. Kc2 Nh5
15. Bd3 Ng3 16. Rhe1 O-O-O 17. e4 $146 {Some other moves were played before
without achieving anything.} dxe4 18. fxe4 c5 19. d5 Rde8 20. Na2 $1 {An
important idea. White wants to play b4, exchange the b3 pawn for c5, and push
b4 again. Of course it is not easy to manage in good conditions. According to
the engine, White never succeeds if Black plays correctly, but from a human
point of view, I believe it should be definitely easier to play for White.}
exd5 {I'm not sure whether not taking could bring Black something or not!} ({
However, after} 20... Ne5 21. b4 f5 {the engine found an impressive draw:} 22.
bxc5 Bxc5 (22... Nxd3 23. Kxd3 fxe4+ 24. Kc2 Bxc5 25. Bf4 Nh5 26. d6 Kd7 27.
Be5 {followed by b4 is bad for Black.}) 23. exf5 $8 exd5 24. Rxe5 {The rest is
simply fine for Black.} Rxe5 25. Bf4 dxc4 $1 26. Bxe5 (26. Bxc4 $6 Nxf5 $1)
26... cxd3+ 27. Rxd3 Nxf5 28. Rc3 b6 29. b4 Re8 30. Bh2 Nd4+ 31. Kd3 (31. Kb1
Re1+ 32. Kb2 Re2+ 33. Ka1 Rxg2 34. Be5 Rg1+ 35. Kb2 Rg2+ $11) 31... Rd8 {
and Black simply gets a draw by a miracle.}) 21. exd5 Nf5 (21... Ne5 22. b4 f6
$1 {might be enough for equality:} 23. bxc5 {(of course White has no
obligation to take so fast, but what else?)} (23. Re3 $6 Nf5 {is very good for
Black.}) 23... Bxc5 24. Bf4 (24. b4 $2 Bf2 $15) 24... Bf2 25. Bxg3 Bxg3 26. Re2
Nxd3 27. Rxe8+ Rxe8 28. Rxd3 Bd6 {followed by ...Kd7, ...b6.}) 22. b4 Nd4+ (
22... Nh4 23. bxc5 (23. Bf1 Nf5 24. bxc5 Nxc5 25. b4 Ne4 {is very good for
Black.}) 23... Nxc5 24. Rxe8+ Rxe8 25. Rf1 Nxd3 26. Kxd3 f6 27. g4 g5 {and
Black is just fine: White's pawn are not bringing anything special. Black will
just put his king on d7, bishop on e5, some ...Rh8 move or whatever, and I
think White cannot make progress at all. Once again, it is very tough, over
the board, to leave White two beautiful central pawns like this.}) 23. Kb1 Nb3
{Maybe not the most accurate, but still fine.} (23... cxb4 $5 24. Nxb4 (24.
Bxb4 Bxb4 25. Nxb4 Rxe1 26. Rxe1 Kc7 $11) 24... Nc5 25. Bc3 Rxe1 26. Rxe1 Rh4
$1 {and, since Black seems to manage to keep control over the dark squares, I
believe the position is equal again.}) 24. Bc3 cxb4 25. Nxb4 Be5 26. Na2 Bxc3
27. Nxc3 (27. Rxe8+ {to try to be clever (check comments of the further moves)
would not make sense because of} Rxe8 28. Nxc3 Re3 {and the initiative goes to
the black side.}) 27... Ndc5 $6 {Problems started from here. Actually, while
analysing the game, I noticed that taking the opponent's rook first very
frequently made a great difference.} (27... Rxe1 $1 28. Rxe1 Ndc5 {might have
been even more precise, since} 29. Bc2 $2 {is bad due to} Nd2+ $17) 28. Rxe8+
Rxe8 29. Bc2 Re3 30. Ka2 $6 (30. Bxb3 $1 Nxb3 31. Kc2 Nc5 32. b4 Nd7 33. Rd3 {
and, though Black should hold, the position is very unpleasant to play.}) 30...
Na5 31. Rd4 Rg3 32. Ne4 Rxg2 $4 {After having so many possible options each
move, Black entered time trouble and eventually blundered. Maybe a bit of luck
for Magnus, but I would say he also chose the position well: unusual enough to
make his opponent spend a lot of time.} (32... Nxe4 33. Bxe4 Nb3 $1 34. Rd1 Re3
$1 35. Bc2 Nc5 36. b4 Nd7 {is simply fine for Black: White doesn't have enough
pieces for central pawns to achieve anything big.} (36... Ne4 $5)) 33. Rd2 $1
$18 {Nice trick! Maybe some unconcious payback for their first game? :)} Rxd2
34. Nxd2 {Black loses a piece!} b5 35. b4 Nab7 36. bxc5 Nxc5 37. Ne4 Nb7 38. c5
f5 39. c6 fxe4 40. cxb7+ Kxb7 41. Bxe4 Kc7 42. Kb3 a5 43. Kc3 a4 44. Bc2 g5 45.
Kd4 Kd6 46. Bd1 1-0

[Event "Grand Slam Final 4th"]
[Site "Sao Paulo/Bilbao"]
[Date "2011.10.07"]
[Round "7"]
[White "Aronian, Levon"]
[Black "Carlsen, Magnus"]
[Result "1/2-1/2"]
[WhiteElo "2807"]
[BlackElo "2823"]
[Annotator "Edouard,R"]
[PlyCount "100"]
[EventDate "2011.09.26"]
[EventType "tourn"]
[EventRounds "10"]
[EventCountry "BRA"]
[EventCategory "22"]
[SourceTitle "CBM 145"]
[Source "ChessBase"]
[SourceDate "2011.11.11"]

1. Nf3 Nf6 2. c4 e6 3. Nc3 d5 4. d4 Be7 5. Bg5 O-O 6. e3 h6 7. Bxf6 Bxf6 8. Rc1
c6 9. h4 {Only played once in over a thousand known games, but what a
reference!} c5 $5 {Grünfeld-like! Only Black's g7-pawn destroys the illusion.
Of course, it is normal to react in the centre when you are attacked on the
kingside. Otherwise White is going to play g4 next, which is very unclear,
though I will not try to guess Aronian's preparation!} (9... Nd7 10. g4 g6 11.
cxd5 exd5 12. h5 g5 13. Bd3 Bg7 14. Bf5 Re8 15. Kf1 Nb6 16. Nd2 Bxf5 17. gxf5
Nc8 18. Ne2 Bf8 19. Kg2 Bd6 20. Nf1 Qf6 21. Qd3 Bc7 22. f3 Nd6 23. Neg3 Rad8
24. b3 g4 25. f4 Kh8 26. Rc2 Re7 27. Kg1 Rde8 28. Rhh2 Bb6 29. Kh1 Bc7 30. Rhg2
Rg8 31. Kg1 Bb6 32. Kh1 Ne4 33. Kg1 Nd6 34. Kh1 a6 35. Rh2 Ba7 36. Rhg2 Ne4 37.
a4 Bb6 38. Nxe4 dxe4 39. Qc3 Qxf5 40. d5+ Kh7 41. Qb4 Bd8 42. dxc6 Qxh5+ 43.
Rh2 Qa5 44. Qxa5 Bxa5 45. Ng3 Re6 46. cxb7 Rb8 47. b4 Bb6 48. a5 Bxe3 49. Rc7
Rf6 50. Rhc2 Rxf4 51. b5 Rf6 52. Kg2 axb5 53. Nxe4 Re6 54. Nc5 Bxc5 55. R2xc5
b4 56. Rb5 Kg6 57. Rc8 {1-0 (57) Botvinnik,M-Ragozin,V Moscow 1944}) 10. dxc5
Na6 11. cxd5 Nxc5 12. Bc4 (12. Qd2 {should be the only move to try something,
but it really looks like a "good Grünfeld" to me: not even the kingside is
weakened with a move such as ...g6. For example:} Bxc3 (12... a6 $5) 13. Qxc3
Ne4 14. Qb4 Qxd5 15. Rd1 (15. Bc4 Qd6) 15... a5 $1 {is drawish.}) 12... exd5
13. Nxd5 (13. Bxd5 Bf5 14. O-O Bd3 15. Re1 Bxc3 16. Rxc3 Qxd5 17. b4 Ne4 18.
Rxd3 Qxa2 $11) 13... Bxb2 14. Rc2 b5 15. Be2 Na4 16. Rc7 $6 {Aronian continues
creatively, but Black has a brillant refutation.} (16. O-O a6 {and Black is
more than fine.}) 16... Be6 17. Ne7+ Kh8 18. Qc2 Bc3+ $8 19. Rxc3 Qa5 $1 {
Maybe the move Aronian overlooked! The next moves are just forced.} (19... Nxc3
$4 20. Ng5 {wins for White!}) 20. Ng5 Qxc3+ 21. Qxc3 Nxc3 22. Nxe6 fxe6 23.
Ng6+ Kg8 24. Nxf8 Rxf8 25. Bg4 e5 26. O-O {I believe Black has decent chances
here, but the next move allows huge drawing simplifications.} b4 $6 ({After} 
26... a5 {Black probably doesn't have enough to win, though objectively it
will not be fun for White.}) 27. a3 {Now the position is completely equal.} Rb8
28. axb4 Rxb4 29. Rc1 Rb1 30. Rxb1 Nxb1 31. Kf1 Nc3 32. Ke1 Kf7 33. Bf5 Nb5 34.
Kd2 Nd6 35. Bc2 Ke6 36. Bb3+ Kf5 37. f3 Kf6 38. g4 g5 39. hxg5+ hxg5 40. Kc3 a5
41. Bc2 Ke6 42. Bb3+ Ke7 43. Bc2 Kd7 44. Bd1 Kc6 45. f4 Kc5 46. fxg5 Ne4+ 47.
Kb3 Nxg5 48. Ka4 Kc4 49. Bc2 Kc3 50. Bf5 e4 1/2-1/2